KOHA-Header-6

Introduction to Electric Circuits (Record no. 13226)

000 -LEADER
fixed length control field 00328nam a22001337a 4500
020 ## - INTERNATIONAL STANDARD BOOK NUMBER
ISBN 9788126508174
082 ## - DEWEY DECIMAL CLASSIFICATION NUMBER
Classification number 621.319
100 ## - MAIN ENTRY--AUTHOR NAME
Personal name Richard C.Dorf & James A.Svodoba
245 ## - TITLE STATEMENT
Title Introduction to Electric Circuits
250 ## - EDITION STATEMENT
Edition statement 6th Edition
260 ## - PUBLICATION, DISTRIBUTION, ETC. (IMPRINT)
Place of publication India
Name of publisher John Wiley & Sons
Year of publication 2007
300 ## - PHYSICAL DESCRIPTION
Number of Pages 809 pages
942 ## - ADDED ENTRY ELEMENTS (KOHA)
Koha item type Books
Holdings
Withdrawn status Lost status Collection code Permanent Location Current Location Shelving location Date acquired Full call number Accession Number Koha item type
    Electrical Engineering MAJU MAJU Shelf No.A34 2022-02-22 621.319 10300 Electrical Engineering

Powered by Koha